| 000 | 00366nam a2200157Ia 4500 | ||
|---|---|---|---|
| 008 | 221030s9999 xx 000 0 und d | ||
| 020 | _a8121922380 | ||
| 041 | _aEnglish | ||
| 082 | _a105.23 | ||
| 100 | _aB. R. Gupta | ||
| 245 | 0 | _aPower System : Analysis & Design | |
| 260 |
_bS. Chand & Co. _aNew Delhi _c2007 |
||
| 300 | _a643 | ||
| 650 | _aBB EE | ||
| 942 | _cBK | ||
| 999 |
_c4226 _d4226 |
||